MDQL
is popping MORE tags! Check the
thread
!
Quizzes
Events
Quiz Creation
Community
Videos
Private Events
Remove Ads
Sign In
Join for FREE
Feedback
Dark Mode
Quiz Categories
Sports
Geography
Music
Movies
Television
Just For Fun
Miscellaneous
History
Literature
Language
Science
Gaming
Entertainment
Religion
Holiday
For Kids
Quiz Lab
Recent
Popular Today
Quiz Kudos Today
Editor Picks
Curator Picks
Quizzes by...
Day
Popularity
Type
Ratings
Length
Year
Community
Subscriptions
Recent Discussions
Orange Saloon
Badges
Playlists
Quests
Create
Leaderboards
Showdown
Live 5
Trivia Bingo
Activity
Puzzle Library
Sporcle Events
Private Events
Virtual Trivia
Globe League
Become a Host
Pub Owners
SporcleCon
Opinionation
Our Games
Videos
Blog
Mobile Apps
Partnerships
Remove Ads and Go Orange
Feedback
Literature
Harry Potter
A Song of Ice and Fire
The Hunger Games
Literary Character
Shakespeare
Book
Author
Novel
Poem
Young Adult
Children's Books
Play
Lord of the Rings
Literature
Harry Potter
A Song of Ice and Fire
The Hunger Games
Literary Character
Shakespeare
Book
Author
Novel
Poem
Young Adult
Children's Books
Play
Lord of the Rings
Random Quiz
Search Sporcle
×
Quiz Lab
Quiz Lab
Literature
Famous
Type in answers that appear in a list
Type in answers that appear in a list
Classic
Best Score? Go Orange.
39 Clues Branches Stats
Can you name the Branches of the Cahill family from the 39 Clues series?
By
Yashidor
60s
5 Questions
932 Plays
932 Plays
932 Plays
Comments
Comments
Give Quiz Kudos
Give Quiz Kudos
-
- Ratings
hide this ad
More Info
Replay
Link that replays current quiz
Next Quiz
Link to next quiz in quiz playlist
You Got
0%
They Got
Avg Score
87%
Avg Friend Score
Upgrade to see
Score Distribution
Jump to the score distribution portion of the page
Score
0/5
Timer
01:00
0
Plays Today
What the branch is famous for
Branch
% Correct
Artists, Musicians, Composers, Creativity
Janus
93.5%
Spies, Secret Agents, Generals
Lucian
93.2%
Strength, Athletes, Explorers
Tomas
90%
??????
Madrigal
82.9%
Inventors, Scientists, Smart people
Ekaterina
77.8%
Quiz Playlist
Details
Report
Send in Message
Add To Playlist
More Info:
This is as of the end of the seventh book.
Classic:
Type in answers that appear in a list
Quiz Source
Last Updated: Feb 16, 2017
Quiz Scoreboard
CHALLENGE
Sign Up to Join the Scoreboard
Show All
Scores
Hide
Comments
May contain spoilers
Recently Published
Holiday 10x10 Sorting Gallery
by lukepisani3
Holiday
15m
Two Season TV Shows II
by 123Four
Television
10m
Image Sorting: Flags VI
by Barbecue
Geography
2m
More to Explore
Quiz From the Vault
Featured Blog Post
14 Easter Pick-up Lines to Find Eggs With
hide this ad
You Might Also Like...
Tags
Famous Quiz
39 Clues
branch
branches
cahill
Family
Today's Top Quizzes in Literature
Browse Literature
hide this ad
Today's Top Quizzes in Famous
Browse Famous
Top Contributed Quizzes in Literature
1
Sneaky Slytherin Logic Puzzle
2
Criteria Quiz: Harry Potter Deaths
3
Get The Picture: Black or White Literature
4
Harry Potter logic puzzle: The Hogwarts Soap Opera
5
'Middle' Earth
6
Weasley Family Reunion: Logic Puzzle
7
Missing Word: John Steinbeck Title Images
8
Harry Potter Slytherin Logic Puzzle
9
Quick Pick: Easter in Book Titles
10
Harry Potter logic puzzle: Triwizard Tournament
Explore More
Trending Topics
Anime
Kpop
Crossword
NBA
Marvel
Harry Potter
Disney
Pokémon
Puzzle
The Office
Song
WWE
Country
NFL
Soccer
hide this ad
More By:
Yashidor
Quiz
Plays
Rating
Category
Featured
Created
Countries of Eurasia
1,509
3.38
Geography
Apr 29, 2011
39 Clues Branches
932
3.00
Literature
Mar 21, 2010
Ancient Greek major city-states
885
2.00
History
Mar 15, 2010
Country Quiz South Korea
880
3.50
Geography
Apr 8, 2010
Oldest Independent Countries
744
3.13
History
Feb 27, 2011
Go to Creator's Profile
Score Distribution
Quiz Creator Spotlight
Yashidor
Follow
Send a Message
Quizzes Created
-
Created Quiz Play Count
-
More By This Creator
Popular Quizzes Today
1
Find the US States - No Outlines Minefield
2
Colored Red Africa Blitz
3
Find the 'City' Movie
4
The Countries of the World
5
5x2 Blitz: Bands
6
Find the Countries of Europe - No Outlines Minefield
7
Find the US States
8
US States
More Literature Quizzes
Author Genders
Published
Trending Quizzes
Colored Red Europe Blitz I
Colored Red Africa Blitz II
Colored Red Europe Blitz II
Even More Two Season TV Shows
Colored Red Africa Blitz III
Recently Updated
Quick Pick: 20 Twenties
pecheneg
March Madness Men's Triple Doubles
pecheneg
How Do You Spell That?
pecheneg
Godzilla Movies
pecheneg
Grab Bag: 4-10 Letters
pecheneg
2024 March Madness Bracket
pecheneg
Famous TV Couples
Peacemaker
Champions League XIs: Real Madrid
pecheneg
Largest US Cities 1790-2010
pecheneg
Rides in Walt Disney World
pecheneg
Trending Topics
Disney
Anime
Kpop
NBA
Crossword
Marvel
Harry Potter
Soccer
Pokémon
The Office
Country
NFL
Song
Puzzle
WWE
Your Account Isn't Verified!
In order to create a playlist on Sporcle, you need to verify the email address you used during registration. Go to your
Sporcle Settings
to finish the process.
Report this User
Report this user for behavior that violates our
Community Guidelines
.
Details:
Send Report
Go to the Sporcle.com Mobile Site →
Comments